| 000 | 00893nam a2200241 a 4500 | ||
|---|---|---|---|
| 001 | 000126459 | ||
| 003 | AM-YEHGA | ||
| 005 | 20250617122645.0 | ||
| 008 | 990122s1966 ru ||||gr|||||||||0|rus|d | ||
| 040 | _aAM-YeHGA | ||
| 041 | 1 |
_arus _heng |
|
| 245 | 0 | 0 |
_aМонокристаллические плёнки / _cПер. с англ. С.Н. Горина и др. ; Под ред. З.Г. Пинскера. |
| 260 |
_aМосква : _bМир , _c1966. |
||
| 300 | _a400 с. | ||
| 534 |
_pОригинал на англ. : _tSingle-Crystal Films / _cOxford : 1964 |
||
| 650 | 1 | 4 | _aСвойства и структура молекулярных систем |
| 700 | 1 |
_aГорин, С.Н. _eпер. _4trl |
|
| 700 | 1 |
_aМилай, А.К. _eпер. _4trl |
|
| 700 | 1 |
_aОрлов, А.Ф. _eпер. _4trl |
|
| 700 | 1 |
_aПинскер, З.Г. _eред. _4edt |
|
| 942 |
_2udc _cBK |
||
| 090 | _c42716 | ||
| 999 |
_c42036 _d42036 |
||